| 000 | 005170000a22001930004500 | ||
|---|---|---|---|
| 001 | 000803 | ||
| 003 | MACL | ||
| 005 | 20150821130908.0 | ||
| 008 | 150821b xxu||||| |||| 00| 0 eng d | ||
| 040 |
_aMACL _cMACL |
||
| 041 | _aEnglish | ||
| 082 | _a616.462/GOD | ||
| 100 |
_aGodbole, Arvind S. _96482 |
||
| 245 |
_aFull Life With Diabetes _bRevised And Updated Third Edition _cArvind S. Godbole |
||
| 260 |
_aMumbai _c1999 _bPopular Prakashan, |
||
| 350 | _a175 | ||
| 650 |
_aMedical Science _985 |
||
| 942 |
_k616 _cBK _2ddc |
||
| 999 |
_c801 _d801 |
||